Psiquiatría y psicoanálisis de hoy /
Guardado en:
| Autor Principal: | |
|---|---|
| Otros Autores: | |
| Formato: | Libro |
| Publicado: |
Buenos Aires :
Paid¢s,
1964
|
| Edición: | 3a. ed. |
| Materias: | |
| Etiquetas: |
Agregar Etiqueta
Sin Etiquetas, Sea el primero en etiquetar este registro!
|
| LEADER | 01206nam a22002415a 4500 | ||
|---|---|---|---|
| 001 | CEM.cems005883 | ||
| 005 | 20060214000000.0 | ||
| 008 | 130507s1964##################000#0#####d | ||
| 003 | CEMS | ||
| 082 | 0 | 4 | |a 616.8 |
| 100 | 1 | |a Schilder, Paul | |
| 245 | 1 | 0 | |a Psiquiatría y psicoanálisis de hoy / |
| 250 | |a 3a. ed. | ||
| 260 | |a Buenos Aires : |b Paid¢s, |c 1964 | ||
| 300 | |a 105 p. | ||
| 505 | 0 | |a Salud-Enfermedad.-...-Algunos creen que la enfermedad viene de afuera. -Dependencia-Independencia.-...-Qu' son las drogas?.-...-Qu' es la drogadendencia?.-...-Testimonio de j¢venes.-Cuestiones que preocupan a los j¢venes.-...-Opiniones de especialistas.-El juego y la drogadicci¢n. -...-Por qu' piensan los j¢venes hay adicci¢n a las drogas.-Algunos aspectos que intervienen en la drogadependencia.-Direcciónes importantes. -Testimonios de adictos.-El narcotr fico.-Qu' son los extraditables. -...-Qu' es la prevenci¢n?.-...-Suplemento informativo sobre algunas drogas.-Droga y Sida | |
| 653 | |a Ezquizofrenia | ||
| 653 | |a Neurosis | ||
| 653 | |a Psicoanalisis | ||
| 653 | |a Psicosis | ||
| 653 | |a Psiquiatria | ||
| 700 | 1 | |a Zilboorg, Gregory | |
| 859 | |a CEMS |b BIB. CEMS - 11 de abril |h 616.8 |i Sc32 |p 344.73 |t Ej.1 | ||
